| 000 | 00523nam a22001817a 4500 | ||
|---|---|---|---|
| 005 | 20150429122652.0 | ||
| 010 | _aENG-112257 | ||
| 020 |
_c200.00 _a9788121941228 |
||
| 020 |
_c200.00 _a8121941229 |
||
| 035 | _aEN-95789 | ||
| 037 | _bDBAD/PUB | ||
| 082 | _a808.882 | ||
| 245 | _aBlackie's dictionary of quotation | ||
| 260 |
_aMumbai _bBlackie _c[201?] |
||
| 270 |
_a103/5, Walchand Hirachand Marg, Opp. G.P.O. _bMumbai _e400001 |
||
| 300 |
_aix,317p. _b24cm(pbk) |
||
| 942 |
_2ddc _cEN _mBLA _h808.882 |
||
| 999 |
_c91976 _d91976 |
||